00507nam a22001577a 450000500170000000800410001702000150005804100130007308200140008610000520010024500760015225000200022826000470024830000290029565000250032420231117132543.0231117b |||||||| |||| 00| 0 eng d a0702107786 aEnglish  a343.4 SIL aSilke, AS ; Divaris, C and Stein, ML lEnglish  aSilke on South African Income Tax / cAS Silke, C Divaris and ML Stein  aEighth Edition  aCape Town : bJuta and Company Ltd, c1976 bv, 237 pages ; c26 cm.  aLegal practice bLaw